| 000 | 00891nam a2200265 i 4500 | ||
|---|---|---|---|
| 003 | DO-SdBNP | ||
| 005 | 20240514091149.0 | ||
| 007 | ta | ||
| 008 | 240514b2023 dr ||||| |||| 00| 0 spa d | ||
| 020 | _a9789945941012 | ||
| 040 |
_aDO-SdBNP _bspa _cBNPHU _erda |
||
| 082 | 4 | _222 | |
| 100 | 1 |
_aMata, Siddhartha, _eautora _985461 |
|
| 245 | 1 | 0 |
_aUn país que huye : _bmigrantes / _cSiddhartha Mata ; edicción, corrección y prólogo, María Carla Picón |
| 264 |
_aSanto Domingo : _bDiEditores, _c2023. |
||
| 300 |
_a227 páginas ; _c23 cm. |
||
| 336 |
_2rdacontent _atexto _btxt |
||
| 337 |
_2rdamedia _asin mediación _bn |
||
| 338 |
_2rdacarrier _avolumen _bnc |
||
| 500 | _aIncluye datos biográficos de la autora en las solapas | ||
| 590 | _aInventariado, 2024/BT | ||
| 700 | 1 |
_aPicón, María Carla, _ecorrección, edición y prólogo _983657 |
|
| 910 | _aBtavárez | ||
| 942 |
_2ddc _cLBS1 |
||
| 999 |
_c56656 _d56656 |
||